[Event "FRA-ch op-D"]
[Site "Pau"]
[Date "2008.08.19"]
[Round "7"]
[White "Billon, Florent"]
[Black "Ollier, Patrice"]
[Result "1-0"]
[WhiteElo "1450"]
[BlackElo "1460"]
[PlyCount "76"]
[EventDate "2008.08.11"]
[EventType "swiss"]
[EventRounds "9"]
[EventCountry "FRA"]
[SourceTitle "CBM 126 Extra"]
[Source "ChessBase"]
[SourceDate "2008.11.05"]
[SourceVersion "1"]
[SourceVersionDate "2008.11.05"]
[SourceQuality "1"]

1. d4 e6 2. c4 Nf6 3. Nc3 Bb4 4. Nf3 b6 5. e3 Bb7 6. Bd3 Ne4 7. Qc2 f5 8. 0-0 0-0 9. Nxe4 fxe4 10. Bxe4 Bxe4 11. Qxe4 Nc6 12. d5 exd5 13. cxd5 Na5 14. Qxb4 Rf5 15. Qg4 Qf6 16. e4 Rxf3 17. gxf3 d6 18. Kh1 Rf8 19. Rg1 Qxf3+ 20. Qxf3 Rxf3 21. Rg2 Nc4 22. b3 Ne5 23. Bb2 Rf4 24. Bxe5 dxe5 25. Re1 Kf7 26. Re3 g6 27. f3 Ke7 28. Rg4 Rf6 29. Kg2 a5 30. Rh4 b5 31. Kg3 Ra6 32. Re2 c6 33. f4 Kf6 34. d6 Ke6 35. fxe5 c5 36. Rd2 Kxe5 37. d7 Rd6 38. Rxd6 Kxd6 1-0

[Event "FRA-ch op-D"]
[Site "Aix les Bains"]
[Date "2007.08.16"]
[Round "3"]
[White "Lapperriere, Romuald"]
[Black "Ollier, Patrice"]
[Result "1/2-1/2"]
[WhiteElo "1380"]
[BlackElo "1470"]
[PlyCount "43"]
[EventDate "2007.08.13"]
[EventType "swiss"]
[EventRounds "11"]
[EventCountry "FRA"]
[SourceTitle "CBM 120 Extra"]
[Source "ChessBase"]
[SourceDate "2007.11.01"]
[SourceVersion "1"]
[SourceVersionDate "2007.11.01"]
[SourceQuality "1"]

1. d4 e6 2. c4 Nf6 3. Nc3 Bb4 4. Qc2 b6 5. e4 Bxc3+ 6. bxc3 Bb7 7. Bd3 d6 8. Ne2 Nbd7 9. 0-0 e5 10. f4 0-0 11. fxe5 dxe5 12. d5 Nc5 13. Ba3 Nfd7 14. Ng3 Re8 15. Be2 Qg5 16. Bc1 Qd8 17. Bh5 Nf6 18. Bg5 Ncd7 19. Rf2 Ba6 20. Be2 h6 21. Be3 Rc8 22. Nh5 1/2-1/2